000 00436nam a2200193Ia 4500
005 20240823050222.0
008 240823s9999||||xx |||||||||||||| ||und||
020 _a1-55-670-586-X
041 _aENGLISH
082 _A629.13234 Q0
100 _aThad Godish
245 0 _aAir Quality
250 _a4th
260 _c2010
_bLewis Publica
500 _aTRANSFERED
650 _aAir Quality
_bCivil
942 _cBK
999 _c216750
_d216750